000 00618nam a2200229 a 4500
005 20250620063852.0
008 030221s1985 mx r 000 0 spa d
020 _a8470302086
035 _aUPN01000122129
049 _aCG
050 4 _aRC480
_bP6.6 1985
100 1 _aPortuondo, Juan D.
245 0 _aPsicoterapia de grupo y psicodrama /
_cJuan A. Portuondo
250 _a2a. ed.
260 _aMadria :
_bBiblioteca Nueva,
_c1985.
300 _a117 p.
440 0 _aTextos y temas psicológicos,
_v21
650 4 _aPsicoterapia
_98720
650 2 _aPsicodrama
_915884
902 _aMCM/rrl.
905 _aLibro
999 _c94329
_d94329